| Tag |
First Indicator |
Second Indicator |
Subfields |
| LEADER |
00000cam a2200000 4500 |
| 001 |
in00000026298 |
| 005 |
20151007061227.0 |
| 008 |
770427s1963 enkc b 00000 eng |
| 010 |
|
|
|a 63005998
|
| 035 |
|
|
|a (OCoLC)02920209
|
| 035 |
|
|
|9 AAD1492AM
|
| 040 |
|
|
|a DLC
|c IXA
|d TXA
|d UtOrBLW
|
| 049 |
|
|
|a TXAM
|c [368066]
|
| 050 |
0 |
0 |
|a PR6013.R367
|b Z8
|
| 082 |
0 |
|
|a 821.8
|
| 092 |
|
|
|a 821
|b G779Ys
|
| 100 |
1 |
|
|a Sewell, Brocard.
|
| 245 |
1 |
0 |
|a Two friends: John Gray & Andre Raffalovich ;
|b essays biographical & critical with three letters from Andre Raffalovich to J.-K. Huysmans.
|
| 264 |
|
1 |
|a [Aylesford, Kent] :
|b Saint Albert's Press,
|c 1963.
|
| 300 |
|
|
|a xiv, 193 pages :
|b portraits ;
|c 22 cm.
|
| 336 |
|
|
|a text
|b txt
|2 rdacontent
|
| 337 |
|
|
|a unmediated
|b n
|2 rdamedia
|
| 338 |
|
|
|a volume
|b nc
|2 rdacarrier
|
| 500 |
|
|
|a "Four hundred and fifty copies ... number 153."
|
| 504 |
|
|
|a Includes bibliographies.
|
| 600 |
1 |
0 |
|a Gray, John Henry,
|d 1866-1934.
|
| 600 |
1 |
0 |
|a Raffalovich, André,
|d 1864-1934.
|
| 999 |
|
|
|a MARS
|
| 999 |
f |
f |
|s 99697bcb-d8b9-3ba2-8ecd-69bd0c6c4c30
|i 56d1c9fb-8a1c-37b6-a21e-99e00f62c4a5
|t 0
|
| 952 |
f |
f |
|p ric
|a Texas A&M University
|b Rellis Campus
|c Joint Library Facility
|d Remote Storage
|t 0
|e PR6013.R367 Z8
|h Library of Congress classification
|i unmediated -- volume
|m A14801280202
|
| 998 |
f |
f |
|a PR6013.R367 Z8
|t 0
|l Remote Storage
|